000 00359nam a2200133Ia 4500
005 20251222143121.0
008 251222s9999||||xx |||||||||||||| ||spa||
020 _a87-50730-68-2
082 _a307.728.5/G77/T.2
100 _aGray, Andrew
245 0 _aEl Último Chamán:
264 _bGrupo Internacional de Trabajo sobre Asuntos Indígenas
942 _cLIB
999 _c11535
_d11535